Svetový pohár v Lipsku

Bibliographic Details
Main Author: Skatullová, Jarka (Author)
Format: Article
Language:Slovak
PhysicalDescription:Fotogr.
ISSN:1337-1037
Subjects:

MARC

LEADER 00000nab a2200000 ar4500
001 vtls008956713
003 SK-MaSNL
005 20260303224937.0
008 070319c2007 xo zr|p|||||||000 b|slo
015 |a SNBRB2007/03  |2 snkbucl 
038 |a SNKBUCL 
040 |a SNKBUCL  |b slo  |c SNKBUCL  |e AACR2 
041 0 |a slo 
044 |a xo  |c SK 
080 |a 798.26.093.1  |x (100)  |2 1997 
100 1 |a Skatullová, Jarka  |4 aut  |9 1067765 
245 1 0 |a Svetový pohár v Lipsku  |c Jarka Skatullová 
300 |b Fotogr. 
648 7 |a 2007  |2 snkbucl  |9 313226 
650 0 7 |a jazdectvo  |2 snkbucl  |9 3225 
650 0 7 |a skoky  |2 snkbucl  |9 29988 
650 0 7 |a Svetový pohár  |2 snkbucl  |9 842306 
651 7 |a Lipsko (Nemecko)  |2 snkbucl  |9 31182 
773 0 |t Životný štýl a kôň  |g Roč. I., č. 2 (2007), s. 12-13  |x 1337-1037 
852 |a SNK  |b KIS3GCP 
999 |c 2254841  |d 2256771